Victorian Ports Land Use Plan : plans by port, December 1990.

Saved in:
Bibliographic Details
Format: Book
Published: Melbourne : Port of Melbourne Authority, 1990.
Subjects:
LEADER 00587nam a22001813 4500
001 c000416176
003 CARM
005 00000000000000.0
008 901220
019 1 |a 7678236 
035 |a (vdu).b18422214 
040 |a VDU  |c VDU 
082 0 4 |a 387.109945 
245 0 |a Victorian Ports Land Use Plan :  |b plans by port, December 1990. 
260 |a Melbourne :  |b Port of Melbourne Authority,  |c 1990. 
300 |a [44] p. :  |b chiefly plans ;  |c 30 cm. 
650 0 |a Harbors  |z Victoria  |x Planning. 
999 f f |i 123aea99-c4aa-560d-912b-4b2589837723  |s 79e5a50b-c571-5808-a4c9-3f8f0984ae1a